Biblioteka Instytutu Północnego w Olsztynie

Warszawiacy wobec niepodległości : (Rekord nr 27911)

Szczegóły MARC
000 -Nagłówek
fixed length control field 02924cam a2200601 i 4500
001 - Nr kontrolny bibl., która utworzyła rek.
control field xx004903153
003 - Siglum bibl., której nr kontr. jest w 001
control field NUKAT
005 - Data i czas ostatniej operacji
control field 20260430150831.0
008 - Elementy pola stałej długości
fixed length control field 200709s2020 pl a |001 0 pol c
020 ## - ISBN
ISBN 9788380988842
dopowiedzenie (oprawa twarda)
035 ## - Systemowy numer kontrolny
systemowy numer kontrolny (OCoLC)1183370222
035 ## - Systemowy numer kontrolny
systemowy numer kontrolny (NUKAT)xx004903153
040 ## - Instytucja sporządzająca opis
Instytucja, która sporządziła opis WR U/MB
język katalgowania-trzyzn. kod pol
zasady opisu rda
Instytucja, która sporządziła rekord WR U/MBs
Instytucja, która zmodyfikowała rekord WR U/hb
-- WR O/KP
-- WA 14/PTs
-- OLSZT 008/bak
045 2# - Okres czasu dla zawartości
czas między r. 9999 pne a nasz. czas. d1914
-- d1921
046 ## - Kod rodz. daty, data1, data2 (daty pne)
Begin/single date 2020
245 00 - Tytuł właściwy i oznaczenie odpow.
tytuł Warszawiacy wobec niepodległości :
dodatek do tytułu działania mieszkańców Warszawy na rzecz odradzania się Rzeczypospolitej Polskiej w latach 1914-1921 : studia historyczne /
dod. inf. ze s. tyt./ozn. odpow. pod redakcją Michała Zarychty ; Instytut Pamięci Narodowej. Komisja Ścigania Zbrodni przeciwko Narodowi Polskiemu. Oddział w Warszawie.
246 30 - Inne formy tytułu, wariant tytułu
tytuł Działania mieszkańców Warszawy na rzecz odradzania się Rzeczypospolitej Polskiej w latach 1914-1921
260 ## - Adres wydawniczy
miejsce wydania, dystrybucji itp. Warszawa :
nazwa wydawcy, dystrybutora itp. Instytut Pamięci Narodowej,
data wydania, dystrybucji itp. 2020.
300 ## - Opis fizyczny
objętość i/lub forma materiału 236 stron :
inne szczegóły opisu fizycznego ilustracje ;
format 25 cm +
materiał towarzyszący plan : [1] karta kolorowa złożona.
336 ## - Content Type
Term Tekst
Code txt
Source rdacontent
337 ## - Media Type
Term Bez urządzenia pośredniczącego
Code n
Source rdamedia
338 ## - Carrier Type
Term Wolumin
Code nc
Source rdacarrier
380 ## - Form of work
Form of work Książki
380 ## - Form of work
Form of work Publikacje naukowe
388 1# - TIME PERIOD OF CREATION
Time period of creation term 2001-
490 1# - Tytuł serii i ks. wielotom.-nie do wysz.
oznaczenie serii Warszawa Nie?Pokonana ;
numer woluminu t. 21
500 ## - Uwaga ogólna
uwaga ogólna Plan pt.: Miasto stołeczne Warszawa : szkic wstępny planu regulacyjnego w związku z posiadłościami miejskiemi i państwowemi : ogrody i parki istniejące i projektowane.
504 ## - Uwaga o bibliografii
uwaga o bibliografii Bibliografia przy rozdziałach. Indeks.
610 27 - Hasło przedmiotowe-nazwa ciała zbior.
nazwa ciała zbior. lub geogr. Narodowa Demokracja
określnik chronologiczny 1900-1945.
źródło hasła kaba
9 (RLIN) 13289
610 27 - Hasło przedmiotowe-nazwa ciała zbior.
nazwa ciała zbior. lub geogr. Polska Partia Socjalistyczna (1909-1919).
źródło hasła kaba
9 (RLIN) 41075
630 07 - Hasło przedmiotowe-tytuł ujednolicony
tytuł ujednolicony Varsaviana
źródło hasła DBN
9 (RLIN) 41079
648 #7 - SUBJECT ADDED ENTRY--CHRONOLOGICAL TERM
Chronological term 1901-2000
Source of heading or term DBN
9 (RLIN) 34996
648 #7 - SUBJECT ADDED ENTRY--CHRONOLOGICAL TERM
Chronological term 1914-1918
Source of heading or term DBN
9 (RLIN) 36040
648 #7 - SUBJECT ADDED ENTRY--CHRONOLOGICAL TERM
Chronological term 1918-1939
Source of heading or term DBN
9 (RLIN) 36041
650 #7 - Hasło przedmiotowe-nazwa pospolita
nazwa pospolita lub geogr. I wojna światowa (1914-1918)
źródło hasła DBN
9 (RLIN) 35952
650 #7 - Hasło przedmiotowe-nazwa pospolita
nazwa pospolita lub geogr. Ludność miejska
źródło hasła DBN
9 (RLIN) 36671
650 #7 - Hasło przedmiotowe-nazwa pospolita
nazwa pospolita lub geogr. Odzyskanie niepodległości przez Polskę (1918)
źródło hasła DBN
9 (RLIN) 35453
650 #7 - Hasło przedmiotowe-nazwa pospolita
nazwa pospolita lub geogr. Ruchy niepodległościowe
źródło hasła DBN
9 (RLIN) 35774
650 #7 - Hasło przedmiotowe-nazwa pospolita
nazwa pospolita lub geogr. Suwerenność państwa
źródło hasła DBN
9 (RLIN) 40773
650 #7 - Hasło przedmiotowe-nazwa pospolita
nazwa pospolita lub geogr. Harcerze
określnik geograficzny Polska
-- Warszawa
określnik chronologiczny 1900-1945.
źródło hasła kaba
9 (RLIN) 41080
650 #7 - Hasło przedmiotowe-nazwa pospolita
nazwa pospolita lub geogr. Urbanistyka
określnik geograficzny Polska
-- Warszawa
określnik chronologiczny 1900-1945.
źródło hasła kaba
9 (RLIN) 41081
650 #7 - Hasło przedmiotowe-nazwa pospolita
nazwa pospolita lub geogr. Towarzystwa
określnik geograficzny Polska
-- Warszawa
określnik chronologiczny 1900-1945.
źródło hasła kaba
9 (RLIN) 41082
650 #7 - Hasło przedmiotowe-nazwa pospolita
nazwa pospolita lub geogr. Sport
określnik geograficzny Polska
-- Warszawa
określnik chronologiczny 1900-1945.
źródło hasła kaba
9 (RLIN) 41083
651 #7 - Hasło przedmiotowe-nazwa geogr.
nazwa geograficzna Warszawa (woj. mazowieckie)
źródło hasła DBN
9 (RLIN) 37253
651 #7 - Hasło przedmiotowe-nazwa geogr.
nazwa geograficzna Warszawa (Polska)
określnik chronologiczny 1900-1945.
źródło hasła kaba
9 (RLIN) 41084
655 #7 - Termin określający rodzaj/formę
rodzaj/forma Praca zbiorowa
źródło terminu DBN
9 (RLIN) 35107
658 ## - Nazwa określająca cel programu nauczania
główny cel programu nauczania Historia
700 1# - Hasło dodatkowe - nazwa osobowa
nazwa osobowa Zarychta, Michał.
rodzaj współpracy Redakcja
9 (RLIN) 41074
710 2# - Hasło dodatkowe - nazwa ciała zbior.
nazwa ciała zbior. lub nazwa geogr. Instytut Pamięci Narodowej - Komisja Ścigania Zbrodni przeciwko Narodowi Polskiemu.
nazwa jednostki podrzędnej Oddział (Warszawa).
rodzaj współpracy Instytucja sprawcza
-- Wydawca
kod rodzaju współpracy pbl
9 (RLIN) 13138
830 #0 - Hasło dod. serii i op. ks. wielotom. -tyt
tytuł Warszawa Nie?Pokonana
oznaczenie tomu t. 21
9 (RLIN) 14501
920 ## - ISBN
ISBN 978-83-8098-884-2 (oprawa twarda)
942 ## - ADDED ENTRY ELEMENTS (KOHA)
Source of classification or shelving scheme Dewey Decimal Classification
Koha item type pozycje dostępne na miejscu
Egzemplarze
Status wycofania Status zagubienia Klasyfikacja Status uszkodzenia Blokada wypożyczeń Kolekcja Lokalizacja macierzysta Lokalizacja bieżąca Data nabycia Numer akcesji Źródło akcesji Cena Nr inwentarzowy il. wypożyczeń Sygnatura Kod kreskowy Date last seen Price effective from Typ egz.
    Dewey Decimal Classification nieuszkodzona   książka w magazynie Biblioteka Instytutu Północnego w Olsztynie Biblioteka Instytutu Północnego w Olsztynie 30/11/2020 D-36/2020 dar 21.00 59998   59998 IPWK24102 30/04/2026 30/04/2026 pozycje dostępne na miejscu
Biblioteka Instytutu Północnego, ul. Partyzantów 87, 10-402 Olsztyn, email: biblioteka(at)ip.olsztyn.pl